000 00417nam a2200157Ia 4500
008 240729s9999 xx 000 0 und d
022 _a2662-5407
245 0 _aAdvances in Bridge Engineering
260 _aUnited Kingdom
260 _bSpringerOpen
650 _a Bridge engineering
650 _aTechnology
856 _uhttps://doaj.org/toc/e9c54794885540f691e4152588ded392
942 _2ddc
942 _cDOAJEJ
999 _c71190
_d71190
945 _a1
_bMadushi Gamage
_c1
_dMadushi Gamage